Normal view
MARC view
- AHMED,HAIDER,AHMED,SHEHARYAR,ZAID
Entry Personal Name
001 - CONTROL NUMBER
- control field: 72410
003 - CONTROL NUMBER IDENTIFIER
- control field: NUST
005 - DATE AND TIME OF LATEST TRANSACTION
- control field: 20210628204807.0
008 - FIXED-LENGTH DATA ELEMENTS
- fixed length control field: 210628|| aca||aabn | a|a d
040 ## - CATALOGING SOURCE
- Original cataloging agency: NUST
- Transcribing agency: NUST
100 ## - HEADING--PERSONAL NAME
- Personal name: AHMED,HAIDER,AHMED,SHEHARYAR,ZAID
670 ## - SOURCE DATA FOUND
- Source citation: Work cat.: (NUST): AHMED,HAIDER,AHMED,SHEHARYAR,ZAID, PR-SOF-1077-UNMANNED GROUND VEHICLE, 2011
